000 00978nam a2200265Ia 4500
001 22059
005 20260320113338.0
008 260320s9999||||xx |||||||||||||| ||und||
020 _a9786071683939
041 _aESP
082 _a362.1098
_bC95
100 _aCueto, Marcos,
_eAUT
245 0 _aMedicina y salud pública en América Latina :
_buna historia
246 _a
_5
_b
250 _aPrimera edición
260 _aCiudad de México :
_bFondo de Cultura Económica,
_c2024
300 _a390 páginas :
_b
_c23 cm.
_e
440 _a(Biblioteca de la salud)
_n
_v
650 _aCIS
653 _aSalud pública - América Latina - Historia; Políticas sanitarias - América Latina - Historia; Atención médica - América Latina - Historia
654 _aCAN
700 _aPalmer, Steven,
_cAUT
856 _uhttps://0u20fow6k-y-https-research-ebsco-com.itmsp.museknowledge.com/c/qxo6us/search
_zVéase además: Base de datos EBSCOhost
942 _cLIB
_dJUS
_fMAT
_2ddc
_n
999 _c22059
_d22059